zpět

Detail výsledku týmu

The PUB Praha 6 , Praha

Datum a čas kvízu

19 Celkem bodů Celkový počet nahraných bodů na tomto kvízu bez doplňovacích otázek.
11. Pořadí na kvízu Konečné umístění týmu na tomto kvízu.

Zaznamenané odpovědi

# Otázka Odpověď Body Výsledky
1. Poslankyně Alena Schillerová z... TikTok 1
2. Ve čtvrtek vystoupil na konfer... C) Jak dostat Putina před soud 0
3. Hudební streamovací platforma... Bad Bunny 0
4. Dosavadním rozvážkovým službám... Česká pošta, COOP 1
5. Ve čtvrtek byly slavnostně vyh... Zlatý kanár, Barbora Krejčíková 0.5
6. Téma o nejpoužívanějších aplik... Bolt 0
7. V roce 2024 použilo alespoň je... WhatsApp 0
8. Ve které aplikaci najdeme tako... Waze 1
9. Ve které z těchto zemí jako v... C 0
10. Tento Evropan má kratičké příj... Spotify 0